000
00286nam a2200121 a 4500
008
101026s1964|||| d
100
1
_a
Mauriac, Fracois
245
1
0
_a
Thérése Desqueyrouxová
260
_b
SVKL
_a
Bratislava
_c
1964
041
_a
slo
044
_a
xo
_c
SK
020
_c
7,50
999
_c
12292
_d
12292